| 000 | 00867nam a2200205 i 4500 | ||
|---|---|---|---|
| 001 | bg | ||
| 245 | 1 | 0 |
_aNauka i technika w 1997 roku = _bScience and technology in Poland 1997 / _c[aut. Grażyna Niedbalska et al.] ; Główny Urząd Statystyczny. Departament Produkcji i Usług. |
| 260 |
_aWarszawa : _bGłówny Urząd Statystyczny, _c1999. |
||
| 300 |
_a167 s. : _bwykr. ; _c29 cm. |
||
| 490 | 1 | _aInformacje i Opracowania Statystyczne. Warunki Życia Środowisko | |
| 650 | 9 |
_aNauka _zPolska _ystan na 1997 r. |
|
| 650 | 9 |
_aTechnika _zPolska _ystan na 1997 r. |
|
| 710 | 0 |
_aGłówny Urząd Statystyczny _bDepartament Produkcji i Usług |
|
| 830 | 0 |
_aInformacje i Opracowania Statystyczne. _pWarunki Życia Środowisko |
|
| 040 | _cBPK | ||
| 041 | 0 | _apl | |
| 080 | _a001:62](438)"1989/...":311.3(083.41) | ||
| 942 | _cKS | ||
| 008 | s pl f |000 0 pol | ||
| 999 |
_c25357 _d25357 |
||
| 856 |
_uhttp://koha.tu.koszalin.pl/cgi-bin/koha/opac-detail.pl?biblionumber=25357 _yKatalog online BPK |
||